El decrecimiento explicado con sencillez / (Registro nro. 8801)

Detalles MARC
000 -LEADER
fixed length control field 02558nam a2200265Ia 4500
003 - CONTROL NUMBER IDENTIFIER
control field OSt
005 - DATE AND TIME OF LATEST TRANSACTION
control field 20211116151114.0
008 - FIXED-LENGTH DATA ELEMENTS--GENERAL INFORMATION
fixed length control field 210310t2011 sp a fr 000 0dspa d
020 ## - INTERNATIONAL STANDARD BOOK NUMBER
International Standard Book Number 9788483195932
040 ## - CATALOGING SOURCE
Original cataloging agency CO-JMCR
Transcribing agency CO-JMCR
041 0# - LANGUAGE CODE
Language code of text/sound track or separate title spa
082 04 - DEWEY DECIMAL CLASSIFICATION NUMBER
Classification number 338.9007 /
Item number T129d
Edition number 23
100 1# - MAIN ENTRY--PERSONAL NAME
Personal name Taibo, Carlos,
9 (RLIN) 18326
Relator term autor
245 13 - TITLE STATEMENT
Title El decrecimiento explicado con sencillez /
Statement of responsibility, etc. Carlos Taibo ; [ilustraciones de Pepe Medina]
260 ## - PUBLICATION, DISTRIBUTION, ETC.
Place of publication, distribution, etc. Madrid :
Name of publisher, distributor, etc. Los libros de la Catarata,
Date of publication, distribution, etc. 2011
300 ## - PHYSICAL DESCRIPTION
Extent 134 páginas :
Other physical details ilustraciones a blanco y negro ;
Dimensions 21 cm.
500 ## - GENERAL NOTE
General note Incluye datos biográficos del autor.
504 ## - BIBLIOGRAPHY, ETC. NOTE
Bibliography, etc. note Bibliografía: páginas 133-134
505 0# - FORMATTED CONTENTS NOTE
Formatted contents note ¿Tan bueno y saludable es el crecimiento económico? -- ¿El hechizo de las grandes cifras -- ¿Las miserias del producto interior bruto -- Los grandes problemas de principios del siglo xxi -- La huella ecológica -- Crecimiento, consumo y bienestar -- La propuesta del decrecimiento -- El arraigo de los principios del decrecimiento -- Menos complejos, menos urbanos -- Decrecimiento y demografía -- Que podemos hacer? -- Decrecimiento y países del sur -- Salir del capitalismo -- Las críticas al decrecimiento -- La tecnología salvadora -- Los movimientos por el decrecimiento -- Cinco ejemplos de ahora -- Las crisis de principios del siglo xxi -- Hitler como precursor -- Sobre el término “decrecimiento” -- Epilogo defensa de los libros<br/><br/>
520 3# - SUMMARY, ETC.
Summary, etc. El objetivo de este libro es ofrecer una introducción rápida y comprensible del decrecimiento y, con ella, y de manera más general, contribuir a la difusión de muchos de los elementos que configuran la visión crítica del mundo contemporáneo que nace del ecologismo radical. La explicación del proyecto del decrecimiento que aquí se recoge parte de la certeza de que éste exige, por necesidad, salir del capitalismo. Se asienta, por añadidura, en la intuición de que, junto a cambios imprescindibles en nuestra conducta individual, hay que perfilar movimientos que peleen por modificar radicalmente muchas de las reglas del juego imperantes en nuestras sociedades. Y hay que hacerlo para escapar de nuestra condición de estas horas, la de genuinos esclavos de los tiempos modernos, subyugados por los mitos del crecimiento, el consumo. la productividad, la competitividad y las tecnologías liberadoras.
650 14 - SUBJECT ADDED ENTRY--TOPICAL TERM
Topical term or geographic name entry element Crecimiento negativo (economía)
9 (RLIN) 18328
Geographic subdivision España
650 24 - SUBJECT ADDED ENTRY--TOPICAL TERM
Topical term or geographic name entry element Historia económica
Geographic subdivision España
9 (RLIN) 41534
700 1# - ADDED ENTRY--PERSONAL NAME
Personal name Medina, Pepe,
Relator term ilustrador
9 (RLIN) 41535
942 ## - ADDED ENTRY ELEMENTS (KOHA)
Source of classification or shelving scheme Dewey Decimal Classification
Koha item type Books
Existencias
Withdrawn status Lost status Source of classification or shelving scheme Damaged status Not for loan Collection code Home library Current library Date acquired Source of acquisition Full call number Barcode Date last seen Copy number Koha item type
    Dewey Decimal Classification     Non-fiction Biblioteca Pública José María del Castillo y Rada Biblioteca Pública José María del Castillo y Rada 04/15/2018 Donación 338.9007 / T129d 430004922 05/16/2024 Ej.1 Books